Televisão, família e escola (Registo nº 4270)

Detalhes MARC
000 -Etiqueta do registo
Cabeçalho 00791cam a2200301 4500
005 - Identificador da versão
Campo de controlo 20240813122056.0
010 ## - Número internacional normalizado dos livros (ISBN)
Número (ISBN) 9722329103
021 ## - Número do Depósito Legal
Código do país PT
Número 182991/02
100 ## - Dados gerais de processamento
Dados gerais de processamento 20030110d2002 me y0pory5003 ba
102 ## - Pais de publicação ou produção
País de publicação Portugal
101 0# - Língua de publicação
Língua do texto, banda sonora, etc. Português
106 ## - Campo de dados codificados: material textual
Dados codificados do material textual r
105 ## - Campo de dados codificados: livros
Dados codificados dos livros y z 001yy
215 ## - Descrição física 
Indicação específica da natureza do documento e extensão da espécie 127, [1] p.
Dimensões 21 cm
200 1# - Titulo e menção de responsabilidade
Título próprio Televisão, família e escola
Informação de outro título pistas para agir
Primeira menção de responsabilidade Manuel Pinto
225 1# - Colecção 
Título próprio da colecção Ensinar e Aprender
Indicação de volume 22
205 ## - Menção da edição
Menção da edição 1ª ed
210 ## - Publicação, Distribuição, etc. 
Lugar da edição, distribuição, etc. Lisboa
Nome do editor, distribuidor, etc. Presença
Data da publicação, distribuição, etc. 2002
320 ## - Nota relativa a bibliografia e índices internos 
Texto da nota Bibliografia, p. 126-127
675 ## - Classificação Decimal Universal (CDU)
Notação 654.17
Edição BN
Língua da edição por
Notação 316.728-053.2
Notação 316.77
Edição BN
Língua da edição por
Notação 37.06
Edição BN
Língua da edição por
700 #1 - Nome de autor-pessoa física (responsabilidade principal)
Número de registo de entrada de autoridade 0000990
Palavra de ordem Pinto
Outra parte do nome não tomada para palavra de ordem Manuel
942 ## - Elementos de entrada adicionados (Koha)
Tipo de item no Koha Livro
Exemplares
Situação do levantamento Origin of item (home branch) (coded) Biblioteca de empréstimo Código de barras Cota Circulation type (not for loan) Tipo de documento Nota do exemplar Damaged status
  Biblioteca Escolar das Vendas Biblioteca Escolar das Vendas BEV1437 3PED PIN   Livro Sem mensagem